| 000 | 00530nam a2200169 i 4500 | ||
|---|---|---|---|
| 001 | 102761 | ||
| 003 | ES-MaACL | ||
| 005 | 20230906183156.0 | ||
| 007 | t| | ||
| 008 | 051202s1969 pr ||||1| spa d | ||
| 080 | _a821.134.2(729.5)-34"19" | ||
| 100 | 1 |
_aRamírez de Arellano de Nolla, Olga. _995133 |
|
| 245 | 1 | 0 |
_aCundeamor _b: cuentos / _cOlga Ramírez de Arellano de Nolla. |
| 260 |
_aSan Juan, Puerto Rico : _bJuan Ponce de León, _c1969. |
||
| 300 |
_a63 p. : _bil. ; _c30 cm. |
||
| 852 |
_aES-MaACL _j2198-F-4 _bR.136916 |
||
| 999 |
_c102761 _d102761 |
||